THE PHILOSOPHY OF RABINDRA NATH TAGORE (Record no. 460)
[ view plain ]
| 000 -LEADER | |
|---|---|
| fixed length control field | 00352cam a2200157ua 4500 |
| 008 - FIXED-LENGTH DATA ELEMENTS--GENERAL INFORMATION | |
| fixed length control field | 141211n II |||gr||||Z||||||eng |
| 040 ## - CATALOGING SOURCE | |
| Original cataloging agency | MAIN |
| 041 ## - LANGUAGE CODE | |
| -- | English |
| 082 ## - DEWEY DECIMAL CLASSIFICATION NUMBER | |
| Classification number | 920 PHI |
| 100 ## - MAIN ENTRY--PERSONAL NAME | |
| Personal name | XXX. |
| 245 ## - TITLE STATEMENT | |
| Title | THE PHILOSOPHY OF RABINDRA NATH TAGORE |
| 300 ## - PHYSICAL DESCRIPTION | |
| Dimensions | 20CM. |
| 942 ## - ADDED ENTRY ELEMENTS (KOHA) | |
| Koha item type | Books |
| 653 ## - INDEX TERM--UNCONTROLLED | |
| Uncontrolled term | Biography, genealogy & insignia |
| Withdrawn status | Lost status | Damaged status | Not for loan | Collection code | Home library | Current library | Shelving location | Date acquired | Full call number | Barcode | Date last seen | Copy number | Price effective from | Koha item type |
|---|---|---|---|---|---|---|---|---|---|---|---|---|---|---|
| General Reference | Central Library and Information Centre Sibsagar Girls College | Central Library and Information Centre Sibsagar Girls College | Biography | 19.04.1967 | 920 PHI | 00525 | 27.02.2020 | 1 | 27.02.2020 | Books |